[Event "Hessen-ch Seniors op 05th"]
[Site "Bad Sooden-Allendorf"]
[Date "2009.04.29"]
[Round "5"]
[White "Grueneschild, Hildegard"]
[Black "Anker, Dieter"]
[Result "1-0"]
[WhiteElo "135"]
[BlackElo "1639"]
[PlyCount "73"]
[EventDate "2009.04.25"]
[EventType "swiss"]
[EventRounds "9"]
[EventCountry "GER"]
[SourceTitle "EXT 2022"]
[Source "ChessBase"]
[SourceDate "2021.10.06"]
[SourceVersion "1"]
[SourceVersionDate "2021.10.06"]
[SourceQuality "1"]

1. c4 f5 2. d4 e6 3. Nc3 Nf6 4. Nf3 Bb4 5. a3 Bxc3+ 6. bxc3 0-0 7. e3 Ne4 8. Qc2 b6 9. Be2 Bb7 10. 0-0 d6 11. a4 Nd7 12. a5 bxa5 13. Rxa5 Ng5 14. d5 Nxf3+ 15. Bxf3 Ne5 16. Be2 c6 17. Qa4 cxd5 18. Rxa7 dxc4 19. Rxa8 Bxa8 20. f4 Nf7 21. Qxc4 Bd5 22. Qd4 Qa8 23. Bf3 Bxf3 24. Rxf3 e5 25. fxe5 dxe5 26. Qh4 Qa1 27. Qe1 Ng5 28. Rf1 Ne4 29. Bd2 Qb2 30. Bc1 Qxc3 31. Qe2 g6 32. Bb2 Qc7 33. Qa6 Re8 34. Qa2+ Qf7 35. Qa1 Qb3 36. Re1 Qc2 37. Qa2+ 1-0

[Event "GER-ch Seniors Gp-B 19th"]
[Site "Templin"]
[Date "2007.08.30"]
[Round "8"]
[White "Anker, Dieter"]
[Black "Wolter, Guenter"]
[Result "0-1"]
[WhiteElo "1702"]
[BlackElo "1660"]
[PlyCount "68"]
[EventDate "2007.08.23"]
[EventType "swiss"]
[EventRounds "9"]
[EventCountry "GER"]
[SourceTitle "EXT 2022"]
[Source "ChessBase"]
[SourceDate "2021.10.06"]
[SourceVersion "1"]
[SourceVersionDate "2021.10.06"]
[SourceQuality "1"]

1. e4 d5 2. e5 d4 3. Bc4 Nc6 4. f4 Bf5 5. d3 e6 6. Nf3 Bg4 7. 0-0 Bc5 8. Nbd2 Nge7 9. Ne4 Bb6 10. Qe1 Nf5 11. Ng3 Ne3 12. Bxe3 dxe3 13. Ne2 a6 14. Qg3 Bxf3 15. Rxf3 g6 16. a3 Nd4 17. Nxd4 Bxd4 18. c3 Ba7 19. d4 c5 20. Rxe3 cxd4 21. Rd3 dxc3+ 22. Kh1 Qb6 23. bxc3 Rc8 24. Rd6 Qb2 25. Rad1 0-0 26. Qd3 b5 27. Bxe6 fxe6 28. Rxe6 Qxc3 29. Rxg6+ Kh8 30. Qxc3 Rxc3 31. Rxa6 Bc5 32. a4 b4 33. g3 b3 34. Rb1 Rb8 0-1

[Event "GER-ch Seniors Gp-B 19th"]
[Site "Templin"]
[Date "2007.08.26"]
[Round "4"]
[White "Anker, Dieter"]
[Black "Droste, Eckart"]
[Result "1-0"]
[WhiteElo "1702"]
[BlackElo "1419"]
[PlyCount "93"]
[EventDate "2007.08.23"]
[EventType "swiss"]
[EventRounds "9"]
[EventCountry "GER"]
[SourceTitle "EXT 2022"]
[Source "ChessBase"]
[SourceDate "2021.10.06"]
[SourceVersion "1"]
[SourceVersionDate "2021.10.06"]
[SourceQuality "1"]

1. e4 e6 2. d4 d5 3. Nd2 Nf6 4. e5 Nfd7 5. f4 c5 6. c3 Nc6 7. Ndf3 Be7 8. Ne2 b5 9. Be3 Qb6 10. dxc5 Bxc5 11. Bxc5 Nxc5 12. Ned4 a6 13. Nxc6 Qxc6 14. Nd4 Qb6 15. Be2 0-0 16. 0-0 f5 17. exf6 Rxf6 18. Kh1 Ne4 19. Bd3 Nc5 20. Bc2 Rh6 21. Qf3 Bb7 22. Rae1 Rf8 23. Re5 Qd8 24. Rh5 Rff6 25. Rxh6 Rxh6 26. Qg4 Qf6 27. Nf3 Ne4 28. Ng5 Qe7 29. Bxe4 dxe4 30. f5 exf5 31. Rxf5 e3 32. Qg3 Rd6 33. h4 Rd1+ 34. Kh2 Qd6 35. Re5 g6 36. Re8+ Kg7 37. Qxd6 Rxd6 38. Re7+ Kf6 39. Rxb7 Kf5 40. Re7 Rd3 41. Re4 h6 42. g4+ Kf6 43. Re6+ Kg7 44. Nf3 a5 45. Kg2 Rd2+ 46. Nxd2 exd2 47. Rd6 1-0

[Event "GER-ch Seniors Gp-B 19th"]
[Site "Templin"]
[Date "2007.08.24"]
[Round "2"]
[White "Anker, Dieter"]
[Black "Malik, Rosemarie"]
[Result "1-0"]
[WhiteElo "1702"]
[BlackElo "1367"]
[PlyCount "119"]
[EventDate "2007.08.23"]
[EventType "swiss"]
[EventRounds "9"]
[EventCountry "GER"]
[SourceTitle "EXT 2022"]
[Source "ChessBase"]
[SourceDate "2021.10.06"]
[SourceVersion "1"]
[SourceVersionDate "2021.10.06"]
[SourceQuality "1"]

1. e4 e5 2. Nf3 Nc6 3. Bc4 Be7 4. 0-0 Nf6 5. Re1 d6 6. h3 0-0 7. Nc3 a6 8. a3 b5 9. Ba2 Bd7 10. d4 exd4 11. Nxd4 Nxd4 12. Qxd4 Be6 13. Bxe6 fxe6 14. e5 Nd7 15. exd6 Bxd6 16. Qg4 e5 17. Bg5 Nf6 18. Qe2 Qe8 19. Ne4 Nxe4 20. Qxe4 Qf7 21. f3 Qf5 22. Bh4 Qf4 23. Qd5+ Qf7 24. Qe4 Qf4 25. Qd5+ Qf7 26. Rad1 Qxd5 27. Rxd5 Rf5 28. Bg3 Raf8 29. Kf2 g6 30. Bxe5 Bxe5 31. Rdxe5 Rxe5 32. Rxe5 Rd8 33. Rc5 Rd7 34. Ke3 Kf7 35. Rc6 a5 36. Rc5 Re7+ 37. Kd3 Rd7+ 38. Kc3 b4+ 39. axb4 axb4+ 40. Kxb4 Kf6 41. Kc3 Re7 42. Kd2 Ke6 43. c4 Kd6 44. Rd5+ Kc6 45. b4 Kb7 46. g4 c6 47. Rd4 Rf7 48. Ke3 g5 49. f4 gxf4+ 50. Rxf4 Re7+ 51. Re4 Rf7 52. g5 Rg7 53. h4 Kb6 54. Kf4 Rf7+ 55. Kg4 Rg7 56. h5 Ra7 57. g6 hxg6 58. hxg6 Ra1 59. Kf5 Rb1 60. g7 1-0

[Event "Hessen-ch Seniors op 03rd"]
[Site "Bad Sooden-Allendorf"]
[Date "2007.05.03"]
[Round "6"]
[White "Anker, Dieter"]
[Black "Pastowski, Werner"]
[Result "1-0"]
[WhiteElo "1734"]
[BlackElo "1562"]
[PlyCount "104"]
[EventDate "2007.04.27"]
[EventType "swiss"]
[EventRounds "9"]
[EventCountry "GER"]
[SourceTitle "EXT 2022"]
[Source "ChessBase"]
[SourceDate "2021.10.06"]
[SourceVersion "1"]
[SourceVersionDate "2021.10.06"]
[SourceQuality "1"]

1. e4 c5 2. Bc4 e6 3. Nc3 a6 4. a3 b5 5. Ba2 Bb7 6. d3 d5 7. exd5 Bxd5 8. Nxd5 exd5 9. Qf3 Nf6 10. Bg5 Be7 11. Bxf6 Bxf6 12. Bxd5 Ra7 13. c3 0-0 14. Nh3 Re7+ 15. Be4 Qd6 16. 0-0 Nd7 17. Rad1 Rd8 18. Rfe1 Nf8 19. Re3 Ne6 20. Qf5 Nf8 21. g3 Re5 22. Qf3 Qe7 23. Rde1 h6 24. Qe2 Qd6 25. f4 Re7 26. Nf2 g6 27. Ng4 Bg7 28. f5 gxf5 29. Bxf5 Rxe3 30. Qxe3 h5 31. Nf2 h4 32. gxh4 Ng6 33. Bxg6 Qxg6+ 34. Qg3 Qf6 35. Ne4 Qe5 36. Qxe5 Bxe5 37. Nxc5 Bf6 38. Re4 Kg7 39. d4 Rd6 40. b4 Kh6 41. Kg2 Kh5 42. Kg3 Bg7 43. h3 Bh6 44. Re5+ Kg6 45. Ne4 Rc6 46. h5+ Kg7 47. d5 Rc8 48. d6 Rd8 49. Rd5 Bc1 50. d7 f5 51. Nc5 f4+ 52. Kf3 Bb2 1-0

[Event "Hessen-ch Seniors op 03rd"]
[Site "Bad Sooden-Allendorf"]
[Date "2007.04.29"]
[Round "2"]
[White "Anker, Dieter"]
[Black "Becker, Guenter"]
[Result "1-0"]
[WhiteElo "1734"]
[BlackElo "1565"]
[PlyCount "54"]
[EventDate "2007.04.27"]
[EventType "swiss"]
[EventRounds "9"]
[EventCountry "GER"]
[SourceTitle "EXT 2022"]
[Source "ChessBase"]
[SourceDate "2021.10.06"]
[SourceVersion "1"]
[SourceVersionDate "2021.10.06"]
[SourceQuality "1"]

1. e4 g6 2. d4 Bg7 3. Bc4 c6 4. Nf3 d5 5. exd5 cxd5 6. Bd3 Nc6 7. c3 Nh6 8. Bg5 f6 9. Bf4 0-0 10. h3 Nf7 11. Bc2 Qb6 12. b3 e5 13. Be3 exd4 14. Nxd4 Nxd4 15. Bxd4 Re8+ 16. Be3 Bh6 17. 0-0 Bxe3 18. fxe3 Rxe3 19. Kh1 Qe6 20. c4 dxc4 21. bxc4 Qe5 22. Nd2 Bxh3 23. Nf3 Rxf3 24. Qxf3 Be6 25. Rae1 Qd6 26. Bb3 Ne5 27. Qxf6 Rf8 1-0

[Event "GER-chB Seniors 16th"]
[Site "Templin"]
[Date "2004.09.24"]
[Round "1"]
[White "Anker, Dieter"]
[Black "Weber, Siegfried1111"]
[Result "1/2-1/2"]
[WhiteElo "1997"]
[BlackElo "1558"]
[PlyCount "85"]
[EventDate "2004.09.04"]
[EventType "swiss"]
[EventRounds "9"]
[EventCountry "GER"]
[SourceTitle "EXT 2005"]
[Source "ChessBase"]
[SourceDate "2004.11.15"]
[SourceVersion "1"]
[SourceVersionDate "2004.11.15"]
[SourceQuality "1"]

1. e4 c5 2. Bc4 e6 3. Nc3 Nc6 4. f4 Na5 5. Be2 a6 6. a4 Qc7 7. d3 d6 8. Nf3 g6 9. Bd2 Bg7 10. Rb1 Ne7 11. 0-0 0-0 12. Qe1 Nac6 13. Qh4 Nd4 14. Bd1 Nxf3+ 15. Rxf3 f5 16. Rh3 Kf7 17. Qe1 Rh8 18. b3 Bd7 19. Bf3 Bc6 20. Rc1 Rad8 21. Ne2 d5 22. e5 d4 23. Bxc6 Nxc6 24. Qh4 Qe7 25. Qxe7+ Nxe7 26. Rf3 Rd7 27. g3 b6 28. h4 h5 29. Kg2 Rhd8 30. Rff1 Bf8 31. Ng1 Nd5 32. Nf3 Be7 33. Kf2 Ra8 34. Ra1 Rda7 35. Rfc1 b5 36. Ke2 b4 37. Be1 a5 38. Nd2 Nb6 39. Bf2 Nd5 40. Nc4 Rb7 41. Be1 Nb6 42. Nd2 Nd5 43. Nc4 1/2-1/2

[Event "GER-chB Seniors 16th"]
[Site "Templin"]
[Date "2004.09.11"]
[Round "8"]
[White "Gensch, Manfred"]
[Black "Anker, Dieter"]
[Result "1-0"]
[WhiteElo "1722"]
[BlackElo "1997"]
[PlyCount "65"]
[EventDate "2004.09.04"]
[EventType "swiss"]
[EventRounds "9"]
[EventCountry "GER"]
[SourceTitle "EXT 2005"]
[Source "ChessBase"]
[SourceDate "2004.11.15"]
[SourceVersion "1"]
[SourceVersionDate "2004.11.15"]
[SourceQuality "1"]

1. e4 e6 2. d4 d5 3. Nd2 dxe4 4. Nxe4 Nd7 5. Nf3 Ngf6 6. Bd3 Be7 7. c3 0-0 8. Qc2 h6 9. h3 Nxe4 10. Bxe4 Nf6 11. Bd3 b6 12. Ne5 Bb7 13. Rg1 c5 14. Be3 cxd4 15. Bxd4 Bc5 16. Bxc5 bxc5 17. 0-0-0 Qc7 18. f4 Nd5 19. Qf2 a5 20. g4 g5 21. Bb1 Nxf4 22. Qc2 f5 23. Rge1 Bc8 24. gxf5 exf5 25. Qh2 Re8 26. Nf3 Bb7 27. Qf2 Nxh3 28. Qf1 Qf4+ 29. Nd2 Rxe1 30. Qxe1 Kf7 31. Qe2 Bf3 32. Qxf3 Rd8 33. Qxh3 1-0

[Event "Bad Sooden-Allendorf Seniors op 16th"]
[Site "Bad Sooden-Allendorf"]
[Date "2004.04.28"]
[Round "7"]
[White "Blask, Gerhard"]
[Black "Anker, Dieter"]
[Result "0-1"]
[WhiteElo "1654"]
[BlackElo "1801"]
[PlyCount "96"]
[EventDate "2004.04.22"]
[EventType "swiss"]
[EventRounds "9"]
[EventCountry "GER"]
[SourceTitle "EXT 2006"]
[Source "ChessBase"]
[SourceDate "2005.11.24"]
[SourceVersion "1"]
[SourceVersionDate "2005.11.24"]
[SourceQuality "1"]

1. Nc3 c5 2. Nf3 Nc6 3. d4 e6 4. dxc5 Bxc5 5. Ne4 Be7 6. Nd6+ Bxd6 7. Qxd6 Nge7 8. e4 0-0 9. Bd3 f5 10. Bg5 h6 11. Bh4 g5 12. Qg3 f4 13. Qg4 Ne5 14. Nxe5 Qa5+ 15. c3 Qxe5 16. f3 Nd5 17. Bf2 Nxc3 18. 0-0 Na4 19. b3 Nc5 20. Bc4 b6 21. Rad1 Qg7 22. Qh5 Kh7 23. b4 Ba6 24. b5 Bc8 25. e5 Qg6 26. Qh3 Kg7 27. Rd6 Qf5 28. g4 fxg3 29. Qxf5 Rxf5 30. Bxg3 Bb7 31. f4 gxf4 32. Bxf4 Raf8 33. Rd4 R8f7 34. a4 Ne4 35. Bd3 Rxf4 36. Rxf4 Rxf4 37. Rxd7+ Rf7 38. Rd8 Bd5 39. Be2 Nc5 40. a5 bxa5 41. Rc8 Nb3 42. Bh5 Re7 43. Rc3 Nd4 44. Ra3 Nxb5 45. Rxa5 Nd4 46. Kf2 Nc6 47. Ra3 Nxe5 48. Rg3+ Kf6 0-1

[Event "Bad Sooden-Allendorf Seniors op 15th"]
[Site "Bad Sooden-Allendorf"]
[Date "2003.05.06"]
[Round "8"]
[White "Kahn, Peter"]
[Black "Anker, Dieter"]
[Result "1/2-1/2"]
[WhiteElo "2150"]
[BlackElo "1770"]
[PlyCount "143"]
[EventDate "2003.05.??"]
[EventType "swiss"]
[EventRounds "9"]
[EventCountry "GER"]
[SourceTitle "EXT 2006"]
[Source "ChessBase"]
[SourceDate "2005.11.24"]
[SourceVersion "1"]
[SourceVersionDate "2005.11.24"]
[SourceQuality "1"]

1. d4 e6 2. Nf3 f5 3. Bg5 Nf6 4. Nbd2 Be7 5. c3 0-0 6. Qc2 d5 7. e3 Nbd7 8. Bd3 Ne4 9. Bxe7 Qxe7 10. 0-0 c6 11. a4 e5 12. dxe5 Nxd2 13. Qxd2 Nxe5 14. Nxe5 Qxe5 15. Bc2 f4 16. exf4 Qxf4 17. Qxf4 Rxf4 18. Rfe1 Bg4 19. Re7 Raf8 20. f3 Bc8 21. Rae1 g6 22. Kf2 R4f7 23. Kg3 Rxe7 24. Rxe7 Rf7 25. Re8+ Rf8 26. Rxf8+ Kxf8 27. Kf4 Ke7 28. Ke5 b6 29. Bd3 Bd7 30. h4 Be8 31. g4 h6 32. g5 hxg5 33. hxg5 Bf7 34. f4 Be8 35. Bc2 Bf7 36. f5 gxf5 37. Bxf5 Bh5 38. Bh7 Kf7 39. Bf5 Bd1 40. a5 bxa5 41. Kd6 Bf3 42. Bd7 Kg6 43. Bxc6 Kxg5 44. Bxd5 Bd1 45. Kc5 Kf6 46. Kb5 Ke5 47. Bc4 a4 48. Kb4 Kd6 49. Bb5 Kc7 50. Bxa4 Bf3 51. Ka5 Kb7 52. Bb5 Be4 53. b4 Bf3 54. Bd3 Bg2 55. c4 Bf3 56. b5 Bg2 57. Bf5 Bf1 58. Be6 Bd3 59. Bd5+ Kb8 60. Kb4 Kc7 61. Kc5 Bf5 62. Bc6 Be6 63. Be8 Kd8 64. Bg6 Kc7 65. Bc2 Bg4 66. Bd3 Bc8 67. Be4 Bd7 68. Bf3 Bc8 69. Be2 Bb7 70. Kd4 a6 71. Kc5 axb5 72. cxb5 1/2-1/2

[Event "Bad Sooden-Allendorf Seniors op 15th"]
[Site "Bad Sooden-Allendorf"]
[Date "2003.04.30"]
[Round "2"]
[White "Anker, Dieter"]
[Black "Geisler, Reinhard"]
[Result "0-1"]
[WhiteElo "1770"]
[BlackElo "2109"]
[PlyCount "62"]
[EventDate "2003.05.??"]
[EventType "swiss"]
[EventRounds "9"]
[EventCountry "GER"]
[SourceTitle "EXT 2006"]
[Source "ChessBase"]
[SourceDate "2005.11.24"]
[SourceVersion "1"]
[SourceVersionDate "2005.11.24"]
[SourceQuality "1"]

1. e4 c5 2. Bc4 Nc6 3. f4 g6 4. Nf3 Bg7 5. 0-0 e6 6. Nc3 Nge7 7. a3 0-0 8. Ba2 d5 9. e5 a6 10. Ne2 d4 11. d3 h5 12. Ng3 b6 13. Ne4 Nf5 14. Qe1 Bb7 15. Nfg5 Qe7 16. Ng3 Nxg3 17. Qxg3 Nb8 18. Nxe6 fxe6 19. Qxg6 Bd5 20. f5 Qf7 21. Qxf7+ Kxf7 22. Bxd5 exd5 23. f6 Bh8 24. Bh6 Re8 25. Rae1 Nd7 26. Bf4 Re6 27. Rf3 Rae8 28. Rh3 Nxe5 29. Bxe5 Rxe5 30. Rxe5 Rxe5 31. g4 Bxf6 0-1

[Event "Bad Sooden-Allendorf Seniors op 14th"]
[Site "Bad Sooden-Allendorf"]
[Date "2002.04.30"]
[Round "9"]
[White "Reese, August Ernst"]
[Black "Anker, Dieter"]
[Result "1-0"]
[WhiteElo "1998"]
[BlackElo "1826"]
[PlyCount "63"]
[EventDate "2002.04.??"]
[EventType "swiss"]
[EventRounds "9"]
[EventCountry "GER"]
[SourceTitle "EXT 2006"]
[Source "ChessBase"]
[SourceDate "2005.11.24"]
[SourceVersion "1"]
[SourceVersionDate "2005.11.24"]
[SourceQuality "1"]

1. d4 e6 2. c4 f5 3. g3 Nf6 4. Bg2 Be7 5. Nc3 0-0 6. Nf3 c6 7. 0-0 d5 8. Qb3 Ne4 9. cxd5 exd5 10. Ne5 Kh8 11. f3 Nxc3 12. bxc3 Nd7 13. Nd3 Bd6 14. Bd2 Nf6 15. Rae1 Qb6 16. Rb1 Qxb3 17. Rxb3 Rb8 18. Bf4 Bxf4 19. gxf4 Nd7 20. e4 Nb6 21. Ne5 Be6 22. Rb4 dxe4 23. fxe4 fxe4 24. Bxe4 Bxa2 25. c4 Rbd8 26. c5 Nd5 27. Rxb7 Nxf4 28. Nxc6 Bc4 29. Rxf4 Rxf4 30. Nxd8 Rxe4 31. c6 Bd5 32. Rb8 1-0

[Event "Bad Sooden-Allendorf Seniors op 14th"]
[Site "Bad Sooden-Allendorf"]
[Date "2002.04.28"]
[Round "7"]
[White "Junge, Karl Heinz"]
[Black "Anker, Dieter"]
[Result "0-1"]
[WhiteElo "1590"]
[BlackElo "1826"]
[PlyCount "96"]
[EventDate "2002.04.??"]
[EventType "swiss"]
[EventRounds "9"]
[EventCountry "GER"]
[SourceTitle "EXT 2006"]
[Source "ChessBase"]
[SourceDate "2005.11.24"]
[SourceVersion "1"]
[SourceVersionDate "2005.11.24"]
[SourceQuality "1"]

1. f4 e5 2. fxe5 d6 3. exd6 Bxd6 4. Nf3 Nf6 5. e3 Ng4 6. Qe2 Nxh2 7. Rxh2 Bg3+ 8. Kd1 Bxh2 9. Nxh2 0-0 10. d3 c5 11. Bd2 Nc6 12. Nc3 Ne5 13. Ne4 Qc7 14. Nf2 Nxd3 15. Nxd3 Qxh2 16. Nxc5 Qd6 17. Nd3 Rd8 18. a4 Qg3 19. Qf2 Qc7 20. Qf4 Qc6 21. Ra3 Be6 22. Nb4 Qd7 23. Nd3 Rac8 24. Ba5 b6 25. Bc3 Rc4 26. Qe5 f6 27. Qb5 Qe7 28. Bd4 Bg4+ 29. Kd2 Rc7 30. Nf2 Rc5 31. Qd3 Bh5 32. c3 Bf7 33. b4 Bg6 34. Qe2 Rc7 35. Nd3 Bf7 36. a5 Bc4 37. Qf3 b5 38. Nf4 Bxf1 39. Qxf1 Qe4 40. Nd3 Re7 41. Qf3 Qe6 42. Nc5 Qc4 43. Nb7 Rd5 44. Nc5 Kf7 45. Qe2 Rxd4+ 46. cxd4 Qxb4+ 47. Rc3 Qxa5 48. Kd1 Qxc3 0-1

[Event "Bad Sooden-Allendorf Seniors op 14th"]
[Site "Bad Sooden-Allendorf"]
[Date "2002.04.24"]
[Round "3"]
[White "Kahn, Manfred"]
[Black "Anker, Dieter"]
[Result "1-0"]
[WhiteElo "2179"]
[BlackElo "1826"]
[PlyCount "43"]
[EventDate "2002.04.??"]
[EventType "swiss"]
[EventRounds "9"]
[EventCountry "GER"]
[SourceTitle "EXT 2006"]
[Source "ChessBase"]
[SourceDate "2005.11.24"]
[SourceVersion "1"]
[SourceVersionDate "2005.11.24"]
[SourceQuality "1"]

1. d4 e6 2. Nf3 f5 3. d5 d6 4. dxe6 Bxe6 5. Ng5 Qd7 6. Nxe6 Qxe6 7. g3 c6 8. Bg2 Nf6 9. Nd2 d5 10. 0-0 Bc5 11. Nb3 Bb6 12. Nd4 Bxd4 13. Qxd4 0-0 14. Re1 Nbd7 15. Bf4 Ne4 16. f3 Nd6 17. Rad1 b6 18. e4 fxe4 19. fxe4 Nb5 20. Qd2 c5 21. exd5 Qf6 22. c3 1-0

[Event "Bad Sooden-Allendorf Seniors op 14th"]
[Site "Bad Sooden-Allendorf"]
[Date "2002.04.22"]
[Round "1"]
[White "Schumacher, Ursula"]
[Black "Anker, Dieter"]
[Result "1/2-1/2"]
[WhiteElo "1530"]
[BlackElo "1826"]
[PlyCount "51"]
[EventDate "2002.04.??"]
[EventType "swiss"]
[EventRounds "9"]
[EventCountry "GER"]
[SourceTitle "EXT 2006"]
[Source "ChessBase"]
[SourceDate "2005.11.24"]
[SourceVersion "1"]
[SourceVersionDate "2005.11.24"]
[SourceQuality "1"]

1. c4 f5 2. Nc3 Nf6 3. Nf3 e6 4. d4 Bb4 5. Bd2 0-0 6. g3 Nc6 7. Bg2 Rb8 8. 0-0 b6 9. a3 Bxc3 10. Bxc3 Ne4 11. Be1 Ba6 12. Qc2 Qf6 13. e3 Na5 14. Bxa5 bxa5 15. Ne5 Qd8 16. b4 Bb7 17. c5 d6 18. Nd3 Ba6 19. Rfd1 Bxd3 20. Rxd3 axb4 21. axb4 Rxb4 22. Rda3 d5 23. Rxa7 Qb8 24. R7a2 Rc4 25. Qb2 Rb4 26. Qc1 1/2-1/2

[Event "Brandenburg Seniors op 08th"]
[Site "Uckley"]
[Date "1999.09.23"]
[Round "5"]
[White "Garms, Ilse"]
[Black "Anker, Dieter"]
[Result "1/2-1/2"]
[WhiteElo "1644"]
[BlackElo "1806"]
[PlyCount "49"]
[EventDate "1999.09.??"]
[EventType "swiss"]
[EventRounds "7"]
[EventCountry "GER"]
[SourceTitle "EXT 2006"]
[Source "ChessBase"]
[SourceDate "2005.11.24"]
[SourceVersion "1"]
[SourceVersionDate "2005.11.24"]
[SourceQuality "1"]

1. d4 f5 2. e3 Nf6 3. Nf3 e6 4. Be2 Bb4+ 5. c3 Be7 6. 0-0 0-0 7. c4 b6 8. Ne5 Ne4 9. Bd2 d6 10. Nd3 Nd7 11. Be1 Ndf6 12. Nc3 Bb7 13. Nf4 Qd7 14. Qb3 Rae8 15. Rd1 Nxc3 16. Bxc3 Ne4 17. Be1 Bc6 18. Qd3 Bb7 19. f3 Nf6 20. d5 e5 21. Ne6 Rf7 22. Ng5 Rff8 23. Ne6 Rf7 24. Qc2 g6 25. Ng5 1/2-1/2

[Event "Brandenburg Seniors op 08th"]
[Site "Uckley"]
[Date "1999.09.22"]
[Round "4"]
[White "Anker, Dieter"]
[Black "Assmann, Hans"]
[Result "1/2-1/2"]
[WhiteElo "1806"]
[BlackElo "1631"]
[PlyCount "95"]
[EventDate "1999.09.??"]
[EventType "swiss"]
[EventRounds "7"]
[EventCountry "GER"]
[SourceTitle "EXT 2006"]
[Source "ChessBase"]
[SourceDate "2005.11.24"]
[SourceVersion "1"]
[SourceVersionDate "2005.11.24"]
[SourceQuality "1"]

1. e4 c5 2. Bc4 e6 3. Nc3 Nc6 4. f4 Nge7 5. a3 d5 6. Ba2 d4 7. Nce2 g6 8. Nf3 Bg7 9. 0-0 f5 10. Ng5 Bf6 11. Nxe6 Bxe6 12. Bxe6 Qd6 13. exf5 gxf5 14. Bc4 0-0-0 15. d3 Nd5 16. Ng3 Nce7 17. Bxd5 Qxd5 18. Qf3 h5 19. Qxd5 Rxd5 20. Bd2 h4 21. Nh1 Rg8 22. Rae1 Rd6 23. Re2 Nd5 24. Nf2 b5 25. Nd1 c4 26. Rf3 c3 27. bxc3 dxc3 28. Be3 Ra6 29. Bc5 Kd7 30. d4 Ra4 31. Kf1 Rc4 32. Ne3 Nxe3+ 33. Rexe3 Bxd4 34. Bxd4 Rxd4 35. Rd3 Rxd3 36. Rxd3+ Ke6 37. Rxc3 Rd8 38. Re3+ Kf6 39. Ke2 Rd4 40. g3 hxg3 41. hxg3 a5 42. Rd3 Ra4 43. Rd6+ Ke7 44. Rd5 Rxa3 45. Rxb5 a4 46. Rxf5 Rxg3 47. Ra5 a3 48. Ra6 1/2-1/2

[Event "Brandenburg Seniors op 08th"]
[Site "Uckley"]
[Date "1999.09.21"]
[Round "2"]
[White "Anker, Dieter"]
[Black "Hirr, Rudi"]
[Result "1/2-1/2"]
[WhiteElo "1806"]
[BlackElo "1791"]
[PlyCount "58"]
[EventDate "1999.09.??"]
[EventType "swiss"]
[EventRounds "7"]
[EventCountry "GER"]
[SourceTitle "EXT 2006"]
[Source "ChessBase"]
[SourceDate "2005.11.24"]
[SourceVersion "1"]
[SourceVersionDate "2005.11.24"]
[SourceQuality "1"]

1. e4 e6 2. d4 d5 3. Nd2 c5 4. exd5 exd5 5. dxc5 Bxc5 6. Ngf3 Nf6 7. Nb3 Bb6 8. Bd3 0-0 9. 0-0 Bg4 10. h3 Bh5 11. Bg5 Qd6 12. c3 Nbd7 13. Nbd4 Ne5 14. Be2 Bc7 15. Nxe5 Qxe5 16. f4 Qe3+ 17. Kh2 Ne4 18. Bxh5 Nxg5 19. g3 g6 20. Bf3 Nxf3+ 21. Rxf3 Qe7 22. Rf2 Bb6 23. Re2 Qd7 24. Nf3 Rad8 25. Qd3 Qa4 26. a3 Qb3 27. Rd1 Rfe8 28. Rdd2 Rxe2+ 29. Qxe2 Kf8 1/2-1/2